000 00465nam a2200169Ia 4500
003 GCL
008 140319s9999 xx 000 0 eng d
040 _aGCL /
_cGCL
082 0 4 _a745.51
_bM C
100 1 _aMAYNARD, J.
245 1 0 _aCRAFT PRACTICE IN WOOD: AN INTRODUCTION TO BASIC TECHNIQUES /
_cMAYNARD, J.
260 _a[S.N] :
_bHULTON EDUCATIONAL PUBLICATION ،
_c1979
300 _a87 P
650 0 4 _aWOOD
650 0 4 _aCRAFT, PRACTICE
942 _2ddc
_cBK
999 _c22069
_d22069